Loading...
| Science - Chemistry | 0 | 3 | 0 | 0 | 30 | 121 | 123.67 | 0 | 2 |
| Literature - American Literature | 0 | 2 | 0 | 2 | 20 | 130 | 137.50 | 0 | 1 |
| History - American History | 0 | 2 | 0 | 0 | 20 | 114 | 120.00 | 0 | 2 |
| Social Science | 0 | 2 | 0 | 0 | 20 | 89 | 107.50 | 1 | 1 |
| Science - Biology | 0 | 2 | 1 | 0 | 15 | 99 | 110.50 | 0 | 2 |
| Current Events | 0 | 1 | 0 | 1 | 10 | 121 | 121.00 | 0 | 0 |
| Fine Arts - Classical Music | 0 | 1 | 0 | 1 | 10 | 126 | 126.00 | 0 | 1 |
| History - Other History | 0 | 1 | 0 | 1 | 10 | 139 | 139.00 | 0 | 1 |
| Religion | 0 | 1 | 0 | 1 | 10 | 140 | 140.00 | 0 | 0 |
| Science - Physics | 0 | 1 | 0 | 0 | 10 | 129 | 129.00 | 0 | 1 |
| Science - Other Science | 0 | 1 | 1 | 0 | 5 | 105 | 105.00 | 0 | 1 |
| Literature - British Literature | 0 | 0 | 0 | 0 | 0 | 0.00 | 0 | 0 | |
| History - World History | 0 | 0 | 0 | 0 | 0 | 0.00 | 0 | 0 | |
| Literature - European Literature | 0 | 0 | 1 | 0 | -5 | 0.00 | 0 | 0 | |
| Geography | 0 | 0 | 1 | 0 | -5 | 0.00 | 0 | 0 |